01710 a2200169 45000010006000000050017000060080041000230030015000640400040000790800033001192450073001520200018002252640076002433000019003195051175003381000027015133947620260407155653.0260407a1988 arg spa dAR-UNSa-BCEJYS aAR-UNSa-BCEJYSbspacAR-UNSa-BCEJYS a658.011.56xAutomatización10aSistemas de información y gestión para la administración local a84-7088-469-7 1aMadrid :bInstituto Nacional de Administración Pública (INAP)c1988 a400 p.c21 cm. a1. La administración local desde la perspectiva del tratamiento de la información.Modelo de funcionamiento y descripción de los sistemas de información - 2. La administración local como organización.Principales sistemas de información y forma de gestión - 3. Gestión de personal - 4. Gestión prespuestaria - 5. Gestión de recursos físicos: intendencia y patrimonio - 6. Gestión de recursos e indicadores de resultados - 7. Gestión diaria: documentos, expedientes, circuitos y automatización integral de oficinas - 8. El entorno sobre el que actúa la administración: Unidades básicas de información y relaciones entre las mismas - 9. Áreas de tratamiento de la información para la gestión de la ciudad - 10. El sistema de información territorial - 11. Estándares de información y sistemas de uso general - 12. Sistemas de información para la gestión de la infraestructura urbana - 15. Sistemas para la planificación y la programación de las actividades municipales. El conocimiento y la intervención sobre la ciudad - 17. Consecuencias de la tecnificación y la modernización .Incidencia sobre la estructura 1 aForn I Foxa, Manuel de